Acceptance of business appointments by officiers of the crown services (Record no. 500090)

000 -LEADER
fixed length control field 00305cam a22000977a 4500
008 - FIXED-LENGTH DATA ELEMENTS--GENERAL INFORMATION
fixed length control field 180718b1965 xxu||||| |||| 00| 0 eng d
082 ## - DEWEY DECIMAL CLASSIFICATION NUMBER
Classification number K6x42 Un3o
245 ## - TITLE STATEMENT
Title Acceptance of business appointments by officiers of the crown services
260 ## - PUBLICATION, DISTRIBUTION, ETC.
Place of publication, distribution, etc. London
Name of publisher, distributor, etc. Her Majesty's Stationery Office
Date of publication, distribution, etc. 1965
300 ## - PHYSICAL DESCRIPTION
Extent 4p.
Holdings
Withdrawn status Lost status Damaged status Not for loan Permanent Location Current Location Date acquired Full call number Barcode Date last seen Price effective from Koha item type
        Indian Institute of Public Administration Indian Institute of Public Administration 2018-08-04 K6x42 Un3o G6960 2018-08-04 2018-08-04 G

Powered by Koha